000 01346nam a2200313 i 4500
003 EG-GICUC
005 20260121101341.0
008 251124s1987 us ||||fr|||| 001 0 ara d
017 _a87/3126
040 _a EG-GICUC
_bara
_c EG-GICUC
_d EG-GICUC
_erda
041 _aara
082 0 4 _a343.4
_bح س . م
_221
092 0 4 _221
099 _aLaw1 10 343.4 ح س . م 1987 1006109
100 0 _aحسن عميرة.
_eمؤلف.
245 1 0 _aموسوعة القوانين الجنائية الخاصة :
_bفي ضوء القضاء والفقه.
_nالجزء الأول،
_pقضاء النقض في الإجراءات الجنائية، تشريعات المخدرات والأسلحة /
_cللمستشار حسن عميرة.
264 1 _aالقاهرة :
_bالقاهرة الحديثة للطباعة،
_c1987.
300 _a864 صفحة ؛
_c24 سم.
_bإيضاحيات، صور، مثيليات ؛
336 _2rda content
_atext
337 _2rda media
_aComputer
338 _2rda carrier
_aOnline Resource
504 _aيشتمل على ارجاعات ببليوجرافية.
546 _aالنص باللغة العربية
650 1 _aالتشريعات الجنائية الخاصة.
_2qrmak
651 1 _2qrmak
856 4 0 _uhttps://fll.law.cu.edu.eg/fulltext/bks/B10-06109.pdf
905 _a18
942 _2ddc
_n0
_cBK
_e21
999 _c45806
_d45806